02235 2200637 4500001002100000005001500021035002000036007000300056008004100059020001800100082001000118084001600128100002200144245007500166250001100241260004200252300002700294650001900321520035700340990002500697990002500722990002500747990002500772990002500797990002500822990002500847990002500872990002500897990002500922990002500947990002500972990002500997990002501022990002501047990002501072990002501097990002501122990002501147990002501172990002501197990002501222990002501247990002501272990002501297990002501322990002501347990002501372990002501397990002501422990002501447990002501472990002501497990002501522990002501547990002501572INLIS00000000001016720221109012408 a0010-1021000045ta221109 g 0 ind  a979-341-156-2 a352.2 a352.2 JOS l0 aJosef m. manteiro1 aLembaga-lembaga Negara Setelah Amandemen UUD 1945 /cJosef m. manteiro aCet. 1 aYogyakarta :bPustaka Yustisia,c2014 avii, 176 hlm. ;c20 cm 4aLembaga Negara aBuku ini memuat materi dasar stuktur lembaga negara di Indonesia, dengan penekanannya pada pendeskripsian perkembangan lembaga negara pasca-amandemen UUD 1945. Dalam buku ini diuraikan aspek sejarah, fungsi, dan kedudukan lembaga-lembaga negara yang diatur pasca-amandemen 1945, serta dilengkapi pula dengan keberadaan lembaga-lembaga negara penunjang. a24510/MKRI-P/VI-2016 a24509/MKRI-P/VI-2016 a24508/MKRI-P/VI-2016 a24507/MKRI-P/VI-2016 a24512/MKRI-P/VI-2016 a24511/MKRI-P/VI-2016 a24511/MKRI-P/VI-2016 a24510/MKRI-P/VI-2016 a24509/MKRI-P/VI-2016 a24508/MKRI-P/VI-2016 a24507/MKRI-P/VI-2016 a24512/MKRI-P/VI-2016 a24512/MKRI-P/VI-2016 a24510/MKRI-P/VI-2016 a24509/MKRI-P/VI-2016 a24508/MKRI-P/VI-2016 a24507/MKRI-P/VI-2016 a24511/MKRI-P/VI-2016 a24508/MKRI-P/VI-2016 a24510/MKRI-P/VI-2016 a24509/MKRI-P/VI-2016 a24507/MKRI-P/VI-2016 a24512/MKRI-P/VI-2016 a24511/MKRI-P/VI-2016 a24509/MKRI-P/VI-2016 a24510/MKRI-P/VI-2016 a24508/MKRI-P/VI-2016 a24507/MKRI-P/VI-2016 a24512/MKRI-P/VI-2016 a24511/MKRI-P/VI-2016 a24510/MKRI-P/VI-2016 a24509/MKRI-P/VI-2016 a24508/MKRI-P/VI-2016 a24507/MKRI-P/VI-2016 a24512/MKRI-P/VI-2016 a24511/MKRI-P/VI-2016